MDQL
is popping MORE tags! Check the
thread
!
Quizzes
Events
Quiz Creation
Community
Videos
Private Events
Remove Ads
Sign In
Join for FREE
Feedback
Dark Mode
Quiz Categories
Sports
Geography
Music
Movies
Television
Just For Fun
Miscellaneous
History
Literature
Language
Science
Gaming
Entertainment
Religion
Holiday
For Kids
Quiz Lab
Recent
Popular Today
Quiz Kudos Today
Editor Picks
Curator Picks
Quizzes by...
Day
Popularity
Type
Ratings
Length
Year
Community
Subscriptions
Recent Discussions
Orange Saloon
Badges
Playlists
Quests
Create
Leaderboards
Showdown
Live 5
Trivia Bingo
Activity
Puzzle Library
Sporcle Events
Private Events
Virtual Trivia
Globe League
Become a Host
Pub Owners
SporcleCon
Opinionation
Our Games
Videos
Blog
Mobile Apps
Partnerships
Remove Ads and Go Orange
Feedback
History
US Presidents
World Leaders
Politics
Nation
Discovery
War
Decade
Year
Century
Biography
Art
History
US Presidents
World Leaders
Politics
Nation
Discovery
War
Decade
Year
Century
Biography
Art
Random Quiz
Search Sporcle
×
Quiz Lab
Quiz Lab
History
burke
Type in answers that appear in a list
Type in answers that appear in a list
Classic
Best Score? Go Orange.
Profile: Edmund Burke Stats
Can you name the Answers To Questions About Edmund Burke?
By
JamesSnell
10m
20 Questions
27 Plays
27 Plays
27 Plays
Comments
Comments
Give Quiz Kudos
Give Quiz Kudos
-
- Ratings
hide this ad
Replay
Link that replays current quiz
Next Quiz
Link to next quiz in quiz playlist
You Got
0%
They Got
Avg Score
40%
Avg Friend Score
Upgrade to see
Score Distribution
Jump to the score distribution portion of the page
Score
0/20
Timer
10:00
0
Plays Today
Hint
Answer
% Correct
Which Political Movement Has He been Seen As The Philosophical Founder Of?
Conservatism
85.2%
What Revolution Did He Oppose?
French Revolution
85.2%
Political Party:
Whig
74.1%
Place Of Birth:
Dublin, Ireland
66.7%
Who Wrote 'The Rights Of Man' In Response To His Pamphlet 'Reflections on the Revolution in France'?
Thomas Paine
66.7%
What Scottish University Was He Lord Rector Of From 1783 To 1785?
University of Glasgow
48.1%
Date Of Birth:
12 January 1729
44.4%
Age At Death:
68
37%
What Year Did He Enter Trinity College Dublin?
1744
37%
Which Former Governor-
General Of India Did He Lead The Prosecution Against In 1786?
Warren Hastings
37%
Hint
Answer
% Correct
Date Of Death:
9 July 1797
33.3%
Which Christian Denomination Did He Belong To?
Church Of England
33.3%
What Year Did He First Become An MP?
1765
33.3%
Who Said Of Him: 'The Only Man I Ever Knew Who Thinks On Economic Subjects Exactly As I Do, Without Any Previous Communications Having Passed Between Us'?
Adam Smith
25.9%
Mother:
Mary Nagle
22.2%
Father:
Richard Burke
22.2%
What Was His First Published Work?
A Vindication of Natural Society: A View of the Miseries and Evils Arising to Mankind
18.5%
Place Of Death:
Beaconsfield, Buckinghamshire, Great Britain
11.1%
What Was His Constituency?
Wendover
11.1%
What Bill Did He Support Because In Would Exclude 'Murderous Atheists, Who Would Pull Down Church And State; Religion And God; Morality And Happiness'
Aliens Act 1793
7.4%
Quiz Playlist
Details
Report
Send in Message
Add To Playlist
Classic:
Type in answers that appear in a list
Last Updated: Feb 16, 2017
Quiz Scoreboard
CHALLENGE
Sign Up to Join the Scoreboard
Show All
Scores
Hide
Comments
May contain spoilers
Recently Published
1-10 Letter E Words III
by El_Dandy
Language
2m
Street Fighter Characters
by Artimus82
Gaming
60s
College Basketball Coaching Resumes
by pancakes188
Sports
9m
More to Explore
Quiz From the Vault
Featured Blog Post
Where Did the Easter Bunny Come From?
hide this ad
You Might Also Like...
Tags
burke
profile
Today's Top Quizzes in History
Browse History
hide this ad
Top Contributed Quizzes in History
1
Popular People in 1991
2
Popular People in 1981
3
Popular People in 1951
4
Popular People in 1941
5
Popular People in 1986
6
Popular People in 1976
7
Popular People in 1921
8
5-to-1: 20th Century Images of War
9
I Am Born On March 28th
10
Popular People in 1946
Explore More
Trending Topics
Crossword
Disney
Harry Potter
Anime
Kpop
Marvel
NBA
Pokémon
WWE
Puzzle
Soccer
The Office
Song
Country
NFL
hide this ad
More By:
JamesSnell
Quiz
Plays
Rating
Category
Featured
Created
25th December Quiz
1,926
4.42
History
Dec 20, 2011
The Five Good Roman Emperors
1,238
4.61
History
Feb 9, 2011
Roman Emperor Trivia
860
4.78
History
Aug 25, 2011
World's Largest Empires of the Modern Era
753
2.29
History
Jan 13, 2011
Ancient Roman Trivia Quiz
618
5.00
History
Feb 7, 2011
Go to Creator's Profile
Score Distribution
Quiz Creator Spotlight
JamesSnell
Follow
Send a Message
Quizzes Created
-
Created Quiz Play Count
-
More By This Creator
Popular Quizzes Today
1
Find the US States - No Outlines Minefield
2
Find the Countries of Europe - No Outlines Minefield
3
The Countries of the World
4
Find the US States
5
Risky Map Clicking: Biggest States A-Z
6
US States
7
Popular People in 1961
8
Movies - When Are They Set?
More History Quizzes
Political Photos from the 1950s
Published
Trending Quizzes
Risky Map Clicking: Least Populous States A-Z
1-10 Letter G Words
1-10 Letter F Words
Countries of the World: 200 Million BC
Risky Map Clicking: Next State Alphabetically
Recently Updated
Rides in Walt Disney World
pecheneg
Most Oscar Losses (Acting)
pecheneg
Beyoncé Albums
pecheneg
Leaping Animals
pecheneg
Reality TV Shows (A-Z)
bhenderson79
Rickey Henderson's Hall of Fame Teammates
pecheneg
Champions League XIs: Arsenal
pecheneg
Quick Pick: Celebrities in WWE's Hall of Fame
aduchscher
A-Z Keypad Blitz II
pecheneg
Multiple Oscar Actors
pecheneg
Trending Topics
Harry Potter
Marvel
Anime
Crossword
NBA
Disney
Kpop
NFL
Soccer
Puzzle
Song
Country
WWE
The Office
Pokémon
Your Account Isn't Verified!
In order to create a playlist on Sporcle, you need to verify the email address you used during registration. Go to your
Sporcle Settings
to finish the process.
Report this User
Report this user for behavior that violates our
Community Guidelines
.
Details:
Send Report
Go to the Sporcle.com Mobile Site →
Comments